[Event "RM-2022-0-00276"]
[Site "LSS email"]
[Date "2022.12.18"]
[Round "?"]
[White "Delavekouras, Sotiris"]
[Black "Susla, Vitaliy"]
[Result "1/2-1/2"]
[WhiteElo "2305"]
[BlackElo "2293"]
[PlyCount "62"]
[EventDate "2022.11.07"]
[EventType "tourn (corr)"]
[EventRounds "6"]
[EventCountry "GER"]
[SourceTitle "Corr 2024"]
[Source "ChessBase"]
[SourceDate "2023.10.19"]
[SourceVersion "1"]
[SourceVersionDate "2023.10.19"]
[SourceQuality "1"]

1. d4 Nf6 2. c4 g6 3. f3 c5 4. d5 d6 5. e4 Bg7 6. Nc3 0-0 7. Bg5 e6 8. Qd2 h6 9. Be3 exd5 10. cxd5 Re8 11. Nge2 Nbd7 12. Nc1 a6 13. a4 Nxe4 14. fxe4 Bxc3 15. bxc3 Qh4+ 16. Bf2 Qxe4+ 17. Qe2 Nf6 18. Qxe4 Nxe4 19. Be2 Nxc3 20. Ra3 Nxe2 21. Nxe2 b5 22. axb5 Bg4 23. Be3 axb5 24. Rxa8 Rxa8 25. h3 Ra1+ 26. Nc1 Bf5 27. Bxh6 b4 28. 0-0 f6 29. Bf4 Ra6 30. h4 Be4 31. Rf2 Bxd5 1/2-1/2

[Event "SM-2021-0-00444"]
[Site "LSS email"]
[Date "2021.05.05"]
[Round "?"]
[White "Dorer, Manfred"]
[Black "Delavekouras, Sotiris"]
[Result "1/2-1/2"]
[WhiteElo "2316"]
[BlackElo "2298"]
[PlyCount "79"]
[EventDate "2021.02.18"]
[EventType "tourn (corr)"]
[EventRounds "6"]
[EventCountry "GER"]
[SourceTitle "Corr 2024"]
[Source "ChessBase"]
[SourceDate "2023.10.19"]
[SourceVersion "1"]
[SourceVersionDate "2023.10.19"]
[SourceQuality "1"]

1. e4 c5 2. Nf3 e6 3. d4 cxd4 4. Nxd4 Nc6 5. Nc3 Qc7 6. Be3 a6 7. Qd2 Nf6 8. 0-0-0 Be7 9. f3 b5 10. g4 Nxd4 11. Bxd4 Bb7 12. g5 Nh5 13. Be5 Qxe5 14. Qxd7+ Kf8 15. Qxb7 Bxg5+ 16. Kb1 Qb8 17. Rd7 Qxb7 18. Rxb7 Bf6 19. a4 Bxc3 20. bxc3 bxa4 21. Bxa6 g5 22. Bb5 Rc8 23. h4 Ng3 24. Rh3 gxh4 25. Bd3 h5 26. Rxh4 Rh6 27. Rh3 h4 28. Kb2 Kg7 29. e5 a3+ 30. Kxa3 Rxc3+ 31. Kb4 Rc8 32. c4 Nf5 33. Rd7 Rb8+ 34. Kc3 Ra8 35. Bxf5 exf5 36. Kd4 Ra1 37. Rd6 Rh5 38. c5 f4 39. c6 Rd1+ 40. Kc4 1/2-1/2

[Event "SM-2021-0-00444"]
[Site "LSS email"]
[Date "2021.05.05"]
[Round "?"]
[White "Oliveira, Diogo"]
[Black "Delavekouras, Sotiris"]
[Result "1/2-1/2"]
[WhiteElo "2220"]
[BlackElo "2298"]
[PlyCount "75"]
[EventDate "2021.02.18"]
[EventType "tourn (corr)"]
[EventRounds "6"]
[EventCountry "GER"]
[SourceTitle "Corr 2024"]
[Source "ChessBase"]
[SourceDate "2023.10.19"]
[SourceVersion "1"]
[SourceVersionDate "2023.10.19"]
[SourceQuality "1"]

1. c4 e5 2. Nf3 e4 3. Nd4 Nc6 4. e3 Nf6 5. Nc3 Bb4 6. Qb3 Nxd4 7. exd4 a5 8. a3 Bxc3 9. dxc3 a4 10. Qb5 0-0 11. Qg5 h6 12. Qg3 Ra6 13. d5 Nh5 14. Qh3 Nf6 15. Be2 Nh7 16. Bf4 Rg6 17. Qe3 d6 18. Rg1 Bg4 19. Bxg4 Rxg4 20. 0-0-0 f5 21. h3 Rg6 22. c5 Nf6 23. cxd6 cxd6 24. Kb1 Nh5 25. Rd4 b5 26. Bh2 Qd7 27. Qe2 Nf6 28. Bf4 Rc8 29. g3 Rc5 30. Rgd1 Kh7 31. Ka1 Qc7 32. Be3 Qd7 33. Bf4 Qc7 34. R1d2 Qe7 35. Be3 Qd7 36. Rd1 Qe8 37. R1d2 Qd7 38. Kb1 1/2-1/2

[Event "ZH-2021-0-01929"]
[Site "LSS email"]
[Date "2021.04.09"]
[Round "?"]
[White "Delavekouras, Sotiris"]
[Black "Cirulis, Ilmars"]
[Result "1/2-1/2"]
[WhiteElo "2298"]
[BlackElo "2281"]
[PlyCount "82"]
[EventDate "2021.04.04"]
[EventType "match (corr)"]
[EventRounds "2"]
[EventCountry "GER"]
[SourceTitle "Corr 2022"]
[Source "ChessBase"]
[SourceDate "2021.10.24"]
[SourceVersion "1"]
[SourceVersionDate "2021.10.24"]
[SourceQuality "1"]

1. d4 d5 2. Nf3 Nf6 3. c4 c6 4. Nc3 e6 5. Bg5 Be7 6. e3 0-0 7. Bd3 Nbd7 8. 0-0 h6 9. Bh4 dxc4 10. Bxc4 b5 11. Bd3 Bb7 12. Rc1 Rc8 13. a3 a5 14. Ne5 Nxe5 15. dxe5 Nd7 16. Bxe7 Qxe7 17. f4 Nc5 18. Bb1 b4 19. Ne2 Ba6 20. Rf3 Rfd8 21. Nd4 bxa3 22. bxa3 Ne4 23. Bxe4 c5 24. h3 cxd4 25. Rxc8 Bxc8 26. exd4 Bb7 27. Qd3 Bxe4 28. Qxe4 g6 29. Kh2 Qc7 30. Rg3 Qd7 31. Rd3 Qb5 32. Qe3 Qc4 33. g4 Rb8 34. f5 Rb2+ 35. Kg3 gxf5 36. gxf5 exf5 37. Kf4 a4 38. Qg3+ Kf8 39. Kxf5 Rf2+ 40. Qxf2 Qxd3+ 41. Kf4 Qxa3 1/2-1/2

[Event "RM-2020-0-00230"]
[Site "LSS email"]
[Date "2020.11.29"]
[Round "?"]
[White "Khlopov, Sergej"]
[Black "Delavekouras, Sotiris"]
[Result "1/2-1/2"]
[WhiteElo "2331"]
[BlackElo "2285"]
[PlyCount "43"]
[EventDate "2020.11.08"]
[EventType "tourn (corr)"]
[EventRounds "6"]
[EventCountry "GER"]
[SourceTitle "Corr 2022"]
[Source "ChessBase"]
[SourceDate "2021.10.24"]
[SourceVersion "1"]
[SourceVersionDate "2021.10.24"]
[SourceQuality "1"]

1. e4 c5 2. Nf3 Nc6 3. Nc3 g6 4. d4 cxd4 5. Nxd4 Bg7 6. Be3 Nf6 7. Bc4 Qa5 8. 0-0 0-0 9. h3 d6 10. Qe2 Nxe4 11. Nxc6 bxc6 12. Nxe4 d5 13. Bc5 Bxb2 14. Bxe7 Bxa1 15. Bxf8 Kxf8 16. Rxa1 dxc4 17. Qxc4 Qe5 18. Rd1 Be6 19. Qb4+ Kg7 20. Nd6 a5 21. Qb7 Rf8 22. Qe7 1/2-1/2

[Event "ST-2020-0-00151"]
[Site "LSS email"]
[Date "2020.07.14"]
[Round "?"]
[White "Delavekouras, Sotiris"]
[Black "Kahl, Fred"]
[Result "1/2-1/2"]
[WhiteElo "2409"]
[BlackElo "2403"]
[PlyCount "78"]
[EventDate "2020.06.09"]
[EventType "tourn (corr)"]
[EventRounds "6"]
[EventCountry "GER"]
[SourceTitle "Corr 2024"]
[Source "ChessBase"]
[SourceDate "2023.10.19"]
[SourceVersion "1"]
[SourceVersionDate "2023.10.19"]
[SourceQuality "1"]

1. e4 c5 2. Nf3 d6 3. d4 cxd4 4. Nxd4 Nf6 5. Nc3 a6 6. h3 e5 7. Nb3 Be6 8. Be3 Be7 9. f4 exf4 10. Bxf4 Nc6 11. Qe2 Nd7 12. 0-0-0 Nce5 13. Kb1 0-0 14. Qe3 Rc8 15. g4 h6 16. Rg1 Re8 17. a3 g5 18. Bg3 Qc7 19. Nd4 Bf6 20. Bf2 Qa5 21. Be1 Nc4 22. Bxc4 Rxc4 23. Nxe6 Rxe6 24. Rf1 Qb6 25. Qxb6 Nxb6 26. Nd5 Nd7 27. Bg3 Bg7 28. Ne3 Rcxe4 29. Nf5 Be5 30. Bxe5 Nxe5 31. Nxd6 Re2 32. Rd5 b5 33. b3 Rh2 34. Rf5 f6 35. Ne4 Kg7 36. Nxf6 Rxf6 37. Rfxe5 Rxh3 38. Re7+ Kg6 39. Rdd7 Rc6 1/2-1/2

[Event "ST-2020-0-00151"]
[Site "LSS email"]
[Date "2020.07.14"]
[Round "?"]
[White "Fuzishawa, Richard"]
[Black "Delavekouras, Sotiris"]
[Result "1/2-1/2"]
[WhiteElo "2322"]
[BlackElo "2409"]
[PlyCount "95"]
[EventDate "2020.06.09"]
[EventType "tourn (corr)"]
[EventRounds "6"]
[EventCountry "GER"]
[SourceTitle "Corr 2024"]
[Source "ChessBase"]
[SourceDate "2023.10.19"]
[SourceVersion "1"]
[SourceVersionDate "2023.10.19"]
[SourceQuality "1"]

1. d4 d5 2. c4 e6 3. Nf3 a6 4. cxd5 exd5 5. Nc3 h6 6. Bf4 Nf6 7. e3 Bd6 8. Bxd6 Qxd6 9. Qb3 0-0 10. Bd3 b6 11. 0-0 Be6 12. Rac1 Nbd7 13. h3 Rfc8 14. Rfd1 c5 15. dxc5 bxc5 16. Qa3 Qb6 17. b3 a5 18. Rc2 Qb4 19. Qc1 Qb7 20. Na4 c4 21. bxc4 dxc4 22. Be2 Qb4 23. Nc3 Nc5 24. Rb2 Nb3 25. Qc2 a4 26. Nd4 Nxd4 27. Rxd4 Qe7 28. Qb1 Rd8 29. Rb7 Qa3 30. Nb5 Qf8 31. Nc7 Rxd4 32. exd4 Rc8 33. Nxe6 fxe6 34. Bd1 Nd5 35. Qe4 Qf6 36. Bg4 Nf4 37. Rb6 c3 38. Rxe6 Qf7 39. Rc6 Rxc6 40. Qxc6 Qd5 41. Qe8+ Kh7 42. Bf3 Qxa2 43. Be4+ g6 44. Qd7+ Kg8 45. Qe8+ Kh7 46. d5 c2 47. Qd7+ Kg8 48. Qe8+ 1/2-1/2

[Event "ST-2020-0-00151"]
[Site "LSS email"]
[Date "2020.07.14"]
[Round "?"]
[White "Susla, Vitaliy"]
[Black "Delavekouras, Sotiris"]
[Result "1/2-1/2"]
[WhiteElo "2351"]
[BlackElo "2409"]
[PlyCount "69"]
[EventDate "2020.06.09"]
[EventType "tourn (corr)"]
[EventRounds "6"]
[EventCountry "GER"]
[SourceTitle "Corr 2024"]
[Source "ChessBase"]
[SourceDate "2023.10.19"]
[SourceVersion "1"]
[SourceVersionDate "2023.10.19"]
[SourceQuality "1"]

1. e4 c5 2. Nf3 e6 3. d4 cxd4 4. Nxd4 Nc6 5. Nc3 Qc7 6. Be3 a6 7. Qd2 Nf6 8. 0-0-0 Be7 9. f3 b5 10. g4 Nxd4 11. Bxd4 Bb7 12. Kb1 0-0 13. g5 Nh5 14. Ne2 f5 15. Bc3 Rf7 16. Ba5 Qc8 17. Ng3 Nxg3 18. hxg3 fxe4 19. f4 e3 20. Qh2 g6 21. Bg2 Bxg2 22. Qxg2 Qc6 23. Qxc6 dxc6 24. Bb6 e2 25. Rde1 e5 26. Rxe2 exf4 27. gxf4 c5 28. Rd1 Bf8 29. Re4 Re7 30. Rxe7 Bxe7 31. c4 bxc4 32. Ba5 Re8 33. Bc3 Rf8 34. Be5 Rd8 35. Re1 1/2-1/2

[Event "ST-2020-0-00151"]
[Site "LSS email"]
[Date "2020.07.14"]
[Round "?"]
[White "Willmann, Bernd"]
[Black "Delavekouras, Sotiris"]
[Result "1-0"]
[WhiteElo "2368"]
[BlackElo "2409"]
[PlyCount "76"]
[EventDate "2020.06.09"]
[EventType "tourn (corr)"]
[EventRounds "6"]
[EventCountry "GER"]
[SourceTitle "Corr 2024"]
[Source "ChessBase"]
[SourceDate "2023.10.19"]
[SourceVersion "1"]
[SourceVersionDate "2023.10.19"]
[SourceQuality "1"]

1. e4 c5 2. Nf3 g6 3. d4 cxd4 4. Nxd4 Bg7 5. c4 Nc6 6. Be3 Nf6 7. Nc3 0-0 8. Be2 d6 9. 0-0 Bd7 10. Qd2 Nxd4 11. Bxd4 Bc6 12. f3 a5 13. Rab1 Nd7 14. Be3 Nc5 15. b3 e6 16. Rbd1 Be5 17. g3 Qe7 18. Bg5 f6 19. Be3 g5 20. Nb5 b6 21. Bd3 Rad8 22. f4 gxf4 23. gxf4 Qg7+ 24. Kf2 Bxe4 25. Bc2 Qg2+ 26. Ke1 Qh3 27. fxe5 Bxc2 28. Bxc5 Bxd1 29. Bxb6 Rb8 30. Ba7 Rxb5 31. cxb5 Bh5 32. Qe3 Qxe3+ 33. Bxe3 fxe5 34. Rg1+ Kf7 35. Kd2 Bg6 36. a4 Rb8 37. Rg4 Bf5 38. Rc4 Ke7 1-0